000 00821nam a2200265Ia 4500
003 OSt
005 20220918170305.0
006 a|||||r|||| 00| 0
007 ta
008 220917b |||||||| |||| 00| 0 eng d
020 _a9780195112214 (pbk)
_c812.92
024 _a238,489
037 _b8140, 07/11/2008, Elite Publishers Distributors
_cTextual
040 _aARTS
_cARTS
_beng
041 _2eng
_aeng
082 _aO111,1:g, N7
100 _aBloom Harold
_928152
245 0 _aAnxiety of influence
_b A theory of poetry
250 _a2nd
260 _aNew York
_bOxford University Press USA
_c1997
300 _axlvii,155p.
_ccm.
650 _aENGLISH LITERATURE
942 _hO111,1:g, N7
_cTEXL
_2CC
999 _c133455
_d133455